00365nam a2200133Ia 4500008004100000041000800041082001700049100001500066245006200081250000600143260006100149300001200210650000900222210716s1987 xx 000 0 und d aeng a005.362 JAIV aJain, V K. aBasic programming: with applications.bWith applications. a1 aNew DelhibTata McGraw Hill Publishing Company Ltdc1987 axvi,191 aNone